[Event "AUTO-INT-2552"]
[Site "http://www.queenalice.com/game.php?id=1149652"]
[Date "2013.2.7"]
[Round "1"]
[White "walldi"]
[Black "ApresUneReve"]
[Result "1-0"]
[WhiteElo "1504"]
[BlackElo "1795"]

1. e4 Nc6 2. d4 d5 3. Nc3 dxe4 4. d5 Nb4 5. a3 Na6 6. Nxe4 Bf5 7. Ng3 Bg6 8.
Bb5+ c6 9. dxc6 Qxd1+ 10. Kxd1 O-O-O+ 11. Bd2 Nc5 12. cxb7+ Kxb7 13. Nf3 a6 14.
Bc4 e6 15. h4 Ne4 16. Nxe4 Bxe4 17. Ng5 Bg6 18. h5 Be7 19. Nxe6 fxe6 20. hxg6
1-0

[Event "Let's Play Chess!"]
[Site "http://www.queenalice.com/game.php?id=1150889"]
[Date "2013.2.11"]
[Round "-"]
[White "ApresUneReve"]
[Black "hamurobi"]
[Result "0-1"]
[WhiteElo "1678"]
[BlackElo "1331"]

1. d4 d5 2. Bf4 Nc6 3. Nf3 Nf6 4. e3 a6 5. Bd3 Bg4 6. Nc3 e6 7. a3 h6 8. h3 Bxf3
9. Qxf3 Bd6 10. g4 Bxf4 11. Qxf4 Nd7 12. Qg3 e5 13. Nxd5 Ne7 14. Qf3 c6 15. Nxe7
Qxe7 16. O-O-O O-O 17. Qe4 g6 18. dxe5 Qxe5 19. Qxe5 Nxe5 20. f4 Nf3 21. h4 g5
22. hxg5 hxg5 23. fxg5 Nxg5 24. Rh5 f6 25. Rdh1 Kg7 26. Re1 Rac8 27. Bf5 Rcd8
28. e4 Rh8 29. Rxh8 Rxh8 30. e5 fxe5 31. b4 Kf6 32. Kb2 Nf3 33. Rd1 Nd4 34. Rf1
b6 35. Bc8+ Kg5 36. Bxa6 Rh3 37. a4 e4 38. a5 bxa5 39. bxa5 e3 40. Re1 Kf4 41.
Kc3 c5 42. Kc4 Rh2 43. c3 Nf3 44. Ra1 e2 45. Bb7 Nd2+ 46. Kb5 Nb3 47. Re1 Nd4+
48. cxd4 cxd4 49. a6 d3 50. a7 Rh8 51. Ra1 Ke3 0-1

[Event "Challenge"]
[Site "http://www.queenalice.com/game.php?id=1150891"]
[Date "2013.2.11"]
[Round "-"]
[White "soudeDeus"]
[Black "ApresUneReve"]
[Result "0-1"]
[WhiteElo "1607"]
[BlackElo "1598"]

1. g3 d5 2. Bg2 e5 3. b3 Nf6 4. h3 Nc6 5. Bb2 Bd6 6. a3 a5 7. d3 O-O 8. g4 Be6
9. Nd2 Re8 10. Rb1 Ne7 11. c4 c6 12. Ngf3 d4 13. Ng5 Ng6 14. Ndf3 h6 15. Ne4
Nxe4 16. dxe4 Rb8 17. e3 dxe3 18. fxe3 b5 19. Nd2 Qh4+ 20. Kf1 Qf6+ 21. Nf3 Red8
22. cxb5 Rxb5 23. Rc1 Rxb3 24. Rxc6 Bxa3 25. Qa1 Bxb2 26. Qxa5 Rxe3 27. Kf2 Bd4
28. Re1 Ra3+ 0-1

[Event "Let's Play Chess!"]
[Site "http://www.queenalice.com/game.php?id=1150906"]
[Date "2013.2.11"]
[Round "-"]
[White "hamurobi"]
[Black "ApresUneReve"]
[Result "0-1"]
[WhiteElo "1311"]
[BlackElo "1627"]

1. e4 Nc6 2. d4 d5 3. exd5 Qxd5 4. Nc3 Qxd4 5. Qxd4 Nxd4 6. Bd3 e5 7. Nd5 Bd6 8.
Be3 Be6 9. Nc3 Bb4 10. Bd2 Nf6 11. a3 Bxc3 12. Bxc3 O-O-O 13. f3 Rhe8 14. Ne2 h5
15. b3 Nxb3 16. Rb1 Nc5 17. Nc1 Nxd3+ 18. cxd3 Bf5 19. Kd2 Nd5 20. Bb2 c5 21.
Rf1 Nf4 22. g4 Bg6 23. Re1 Nxd3 24. Nxd3 Rxd3+ 25. Ke2 Rb3 26. Kf2 Bxb1 27. Rxb1
c4 0-1

[Event "Challenge nº 4"]
[Site "http://www.queenalice.com/game.php?id=1152597"]
[Date "2013.2.16"]
[Round "-"]
[White "ztnilz"]
[Black "ApresUneReve"]
[Result "0-1"]
[WhiteElo "1898"]
[BlackElo "1564"]

1. e4 Nc6 2. d4 d5 3. Nc3 dxe4 4. Nxe4 Bf5 5. f3 Nxd4 6. Bd3 Nc6 7. c3 Bxe4 8.
fxe4 e5 9. Nf3 Bc5 10. b4 Bb6 11. b5 Nb8 12. Nxe5 Nd7 13. Nf3 Qe7 14. Qe2 O-O-O
15. Bb2 Nc5 16. O-O-O Na4 17. e5 Bc5 18. Ba1 Kb8 19. Rd2 Ba3+ 20. Bb2 Bxb2+ 21.
Rxb2 Nxb2 22. Kxb2 h6 23. h4 Qc5 24. c4 Ne7 25. a3 Rhe8 26. Qc2 c6 27. a4 Qb4+
28. Kc1 Ng6 29. Re1 Nxh4 30. Rf1 Qa3+ 31. Kd2 Nxf3+ 32. Rxf3 Rxe5 33. bxc6 Re7
34. Re3 Rc7 35. Ke2 Rxc6 36. Be4 Qc5 37. Bxc6 Qxc6 38. Ke1 Re8 39. Rxe8+ Qxe8+
40. Kf2 Qe6 41. c5 g5 42. Qd2 Qf6+ 43. Kg1 a6 44. a5 Kc7 45. Qd5 Qe6 0-1

[Event "Challenge nº 5"]
[Site "http://www.queenalice.com/game.php?id=1152598"]
[Date "2013.2.16"]
[Round "-"]
[White "ApresUneReve"]
[Black "ztnilz"]
[Result "1-0"]
[WhiteElo "1634"]
[BlackElo "1813"]

1. e4 c5 2. d4 cxd4 3. c3 dxc3 4. Nxc3 Nc6 5. Nf3 e5 6. Bc4 Be7 7. O-O Nf6 8. a3
a6 9. b4 O-O 10. Bb2 d6 11. Re1 Bg4 12. h3 Bh5 13. Nd5 Nd4 14. Nxe7+ Qxe7 15.
Bxd4 exd4 16. Bd5 Rab8 17. Qb3 Bxf3 18. Qxf3 Rfe8 19. Rad1 b5 20. Rxd4 Rbc8 21.
e5 dxe5 22. Bb7 Qc7 23. Bxc8 exd4 24. Rxe8+ Nxe8 25. Bxa6 Qb6 26. Qa8 Kf8 27.
Bb7 f6 28. Bc6 1-0

[Event "Challenge"]
[Site "http://www.queenalice.com/game.php?id=1153571"]
[Date "2013.2.19"]
[Round "-"]
[White "ApresUneReve"]
[Black "micbodu75"]
[Result "0-1"]
[WhiteElo "1624"]
[BlackElo "1665"]

1. d4 d5 2. Bf4 Nf6 3. Nd2 Nc6 4. Ngf3 g6 5. e3 Bg7 6. c3 a6 7. a4 Na5 8. b4 Nc4
9. Nxc4 dxc4 10. Bxc4 O-O 11. Bd3 Be6 12. h3 Nd5 13. Qc2 c6 14. Bh2 a5 15. e4
Nc7 16. Rb1 b5 17. O-O Bd7 0-1

[Event "Challenge"]
[Site "http://www.queenalice.com/game.php?id=1153572"]
[Date "2013.2.19"]
[Round "-"]
[White "micbodu75"]
[Black "ApresUneReve"]
[Result "1-0"]
[WhiteElo "1679"]
[BlackElo "1604"]

1. e4 Nc6 2. Nc3 Nf6 3. d4 e5 4. Nf3 exd4 5. Nxd4 Bb4 6. a3 Bxc3+ 7. bxc3 O-O 8.
Nf5 Re8 9. Bd3 Nxe4 10. O-O Nf6 11. Nh6+ gxh6 12. Bxh6 d5 13. Qf3 Kh8 14. Bg5
Kg7 15. Bxf6+ Qxf6 16. Qxd5 Re5 17. Qb3 1-0

[Event "Let's Play Chess!"]
[Site "http://www.queenalice.com/game.php?id=1154764"]
[Date "2013.2.23"]
[Round "-"]
[White "ApresUneReve"]
[Black "charles31"]
[Result "0-1"]
[WhiteElo "1644"]
[BlackElo "1699"]

1. e4 e5 2. Nc3 a6 3. a4 Nf6 4. Bc4 Bb4 5. Nge2 Nc6 6. O-O d6 7. d3 h6 8. Na2
Bc5 9. h3 Be6 10. Bxe6 fxe6 11. Kh1 g5 12. Bd2 Qe7 13. b4 Ba7 0-1

[Event "Let's Play Chess!"]
[Site "http://www.queenalice.com/game.php?id=1154765"]
[Date "2013.2.23"]
[Round "-"]
[White "charles31"]
[Black "ApresUneReve"]
[Result "1-0"]
[WhiteElo "1684"]
[BlackElo "1668"]

1. Nf3 Nf6 2. Nc3 d5 3. d4 Bf5 4. h3 h5 5. Bg5 e6 6. Nh4 Bh7 7. Qd2 Nc6 8. e3 a6
9. Bd3 Bxd3 10. Qxd3 Be7 11. f3 e5 12. O-O-O Qd7 13. g3 exd4 14. exd4 O-O-O 15.
Nf5 g6 16. Nxe7+ Qxe7 17. Rhe1 Qd6 18. f4 1-0

[Event "Let's Play Chess!"]
[Site "http://www.queenalice.com/game.php?id=1154861"]
[Date "2013.2.23"]
[Round "-"]
[White "Canuma"]
[Black "ApresUneReve"]
[Result "0-1"]
[WhiteElo "1867"]
[BlackElo "1625"]

1. e4 Nc6 2. d4 d5 3. e5 Bf5 4. Nf3 e6 5. Bb5 Qd7 6. O-O a6 7. Bxc6 Qxc6 8. Nc3
h6 9. Nh4 Bh7 10. f4 b5 0-1

[Event "Let's Play Chess!"]
[Site "http://www.queenalice.com/game.php?id=1154862"]
[Date "2013.2.23"]
[Round "-"]
[White "ApresUneReve"]
[Black "Canuma"]
[Result "0-1"]
[WhiteElo "1587"]
[BlackElo "1989"]

1. d4 e6 2. Nf3 d5 3. Bf4 Nf6 4. Nbd2 Be7 5. e3 O-O 6. Bd3 Nbd7 7. O-O c5 8. c3
a6 9. a4 b6 10. e4 dxe4 11. Nxe4 Bb7 0-1

[Event "nº 06"]
[Site "http://www.queenalice.com/game.php?id=1161898"]
[Date "2013.3.17"]
[Round "-"]
[White "ztnilz"]
[Black "ApresUneReve"]
[Result "1-0"]
[WhiteElo "1858"]
[BlackElo "1630"]

1. e4 Nc6 2. d4 d5 3. e5 Bf5 4. g4 Bg6 5. h4 Nb4 6. Na3 h5 7. g5 e6 8. c3 Nc6 9.
Nc2 f6 10. f4 fxg5 11. fxg5 Be4 12. Rh2 g6 13. Bd3 Bxd3 14. Qxd3 1-0

[Event "OS INCLIVEIS"]
[Site "http://www.queenalice.com/game.php?id=1162346"]
[Date "2013.3.18"]
[Round "-"]
[White "adelio"]
[Black "ApresUneReve"]
[Result "0-1"]
[WhiteElo "1782"]
[BlackElo "1615"]

1. d4 Nf6 2. c4 Nc6 3. d5 Ne5 4. b3 c6 5. Nc3 e6 6. e4 Bd6 7. Bg5 h6 8. Bxf6
Qxf6 9. Qe2 Bb4 10. Rc1 Bxc3+ 11. Rxc3 O-O 12. Nf3 exd5 13. cxd5 a5 14. h4 b5
15. Qc2 Bb7 16. Nxe5 Qxe5 17. dxc6 dxc6 18. g3 Rad8 19. Bg2 b4 20. Rd3 Rxd3 21.
Qxd3 Qa1+ 22. Ke2 Qe5 23. Re1 Ra8 24. Kf1 Ba6 25. Qxa6 Rxa6 26. f4 Qc3 27. Kf2
c5 28. Bf3 a4 29. Re3 Qd4 30. Ke2 Qb2+ 31. Kf1 Qxa2 32. Re2 Qxb3 33. Kg2 a3 34.
e5 a2 35. f5 a1=Q 36. e6 Ra2 37. exf7+ Kxf7 38. Bh5+ Kf6 39. Kh3 Rxe2 40. Bxe2
Kxf5 41. Bg4+ Ke4 42. Bc8 Qh1+ 43. Kg4 Qbf3# 0-1

[Event "OS INCLIVEIS"]
[Site "http://www.queenalice.com/game.php?id=1162348"]
[Date "2013.3.18"]
[Round "-"]
[White "ApresUneReve"]
[Black "adelio"]
[Result "0-1"]
[WhiteElo "1639"]
[BlackElo "1817"]

1. d4 d5 2. Bf4 b5 3. e3 a6 4. a4 b4 5. a5 Nc6 6. Nf3 f6 7. h3 h5 8. Bd3 Qd7 9.
Nbd2 e6 10. Bg6+ Kd8 11. O-O Ra7 12. Re1 Nge7 13. Bd3 g5 14. Bxg5 fxg5 15. Nxg5
Nf5 16. Nb3 Qg7 17. Nf3 Rg8 18. Bf1 Bd6 19. e4 Ng3 20. fxg3 Qxg3 21. e5 Be7 22.
Nc1 Qxh3 0-1

[Event "Challenge"]
[Site "http://www.queenalice.com/game.php?id=1162816"]
[Date "2013.3.20"]
[Round "-"]
[White "dimitridruloza2012"]
[Black "ApresUneReve"]
[Result "1-0"]
[WhiteElo "1574"]
[BlackElo "1590"]

1. d4 Nf6 2. Nf3 e6 3. e3 c5 4. Nc3 cxd4 5. exd4 d5 6. Ne5 Nbd7 7. Bb5 a6 8.
Bxd7+ Bxd7 9. Bg5 Be7 10. Qf3 Bc8 11. Na4 O-O 12. O-O 1-0